00482nam a22001457a 450000500170000000800410001702200150005824500230007326000520009630000140014831000120016250001010017427000380027536500230031320090225151926.0090225t xxu||||| |||| 00| 0 eng d a09771-7463 aEntrepreneur India aDelhibNIIR Project Consultancy Servicesc2009- av.c26 cm amonthly aAn industrial monthly journal on industrial development , technologies and project opportunities a106-E, Kamla NagarbDelhie110007 eRs. 20.00 per copy